University Home | Library Home | Institutional Repository

Mahabharata. (Record no. 169424)

MARC details
000 -LEADER
fixed length control field 00577cam4a220021700 4500
001 - CONTROL NUMBER
control field zam00002151
008 - FIXED-LENGTH DATA ELEMENTS--GENERAL INFORMATION
fixed length control field 951128s1973 xx eng u
035 ## - SYSTEM CONTROL NUMBER
System control number (Sirsi) r19530
035 ## - SYSTEM CONTROL NUMBER
System control number (MACHINE)SLC.
100 ## - MAIN ENTRY--PERSONAL NAME
Personal name Van, B.
Linkage A80444.1
245 10 - TITLE STATEMENT
Title Mahabharata.
260 ## - PUBLICATION, DISTRIBUTION, ETC.
Date of publication, distribution, etc. 1973.
591 ## -
-- Class code: RS 100.
591 ## -
-- Course: Introduction to religious studies.
591 ## -
-- School: S03.
591 ## -
-- Lecturer: Fr. CARMODY, B.P.
591 ## -
-- Number of Students: 45.
949 ## - LOCAL PROCESSING INFORMATION (OCLC)
a BL1130
w lcc
m MAIN
t BOOK
l ON-SHELF
909 ## -
-- Book

No items available.

© 2026 - The University of Zambia Library - Koha v25.11